01814cam a22004337a 4500003000500000005001700005008004100022010001000063011001000073035001000083040000900093090001000102100003600112245013100148260004100279300002000320502007000340530003600410590003700446590004100483590004100524590004100565590004100606590004100647590004100688590004200729650003100771650003800802700004000840856006300880901000700943905002600950942000900976949006200985949004901047999001701096952014001113952012701253CHAP20220329142745.0030606s2003 mx r 00010 spa d a87327 a88299 a98844 cCHAP aTesis00aJuárez Zamora, Javier.96250310aEstructuras de gaviones en las obras hidraúlicas y de protecciónc/por Javier Juárez Zamora y Raúl Sergio Mendoza Cruz aChapingo, Méx. :bEl autor,c2003. a191 h. :bilus. aTesis(Ing. en Irrigación) -- UACH. Departamento de Irrigación aTambién disponible en línea aALEPHb10c20130110lUCH01h1454 aBATCH-UPDb10c20130110lUCH01h0736 aBATCH-UPDb10c20130110lUCH01h2348 aBATCH-UPDb10c20130410lUCH01h0418 aBATCH-UPDb10c20130914lUCH01h1640 aBATCH-UPDb10c20140324lUCH01h1439 aBATCH-UPDb10c20141002lUCH01h0818 aCONVERSIONb10c20130109lUCH01h134814aIngeniería civil.95821414aIngeniería hidráulica.9582350 aMendoza Cruz, Raúl Sergio.974633 3Finding aiduhttp://10.13.5.2/tesis/98844.pdfzTeclea aqui aBK aAlejandra Carrasco M. cFOLL aTesisbBCcTESd33724000894606eTS2fc.2h41016i98844si aTesisbBCcTESd988441eTS1h41015i98844sb c87327d87327 00102local4053708TESISaBCbBCcPA_TESISd2019-12-31fTESISl0oTesisp33724000894606r2019-12-31 00:00:00tc.2w2019-12-31yTESIS 00102local4051708TESISaBCbBCcPA_TESISd2019-12-31fTESISl0oTesisp988441r2019-12-31 00:00:00w2019-12-31yTESIS